[Event "Moniek_Janssen's Schweizer System"]
[Site "T#646157Emanuel Laske"]
[Date "2020.05.18"]
[Round "1"]
[White "Lazieri3"]
[Black "Log"]
[Result "1-0"]
[WhiteElo "2125"]
[BlackElo "1651"]
[Annotator "TA"]
[PlyCount "57"]
[EventDate "2020.05.18"]
[EventType "swiss (blitz)"]

{[%evp 10,57,0,5,4,2,10,0,18,6,27,27,30,28,32,33,52,36,35,31,40,29,44,28,36,39,40,0,0,0,0,-10,-4,-10,-1,-14,0,0,0,-4,12,0,156,157,137,139,456,423,903,935]} 1. e4 Nf6 2. Nc3 d5 3. exd5 Nxd5 4. Nxd5 Qxd5 5. Qf3 Qxf3 6. Nxf3 Bg4 {B02: Alekhine's Defence: Chase Variation and lines with early Nc3.} 7. Be2 e6 {[#]} 8. Ne5 $146 ({Predecessor:} 8. h3 Bh5 9. d3 Be7 10. Bf4 c6 11. g4 Bg6 12. O-O-O O-O 13. h4 f6 14. Be3 {1-0 (51) Xuereb,V-Cuschieri,M La Valetta 1996}) 8... Bf5 {The position is equal.} 9. c3 Bd6 10. Nc4 Be7 11. d4 Nd7 12. Bf4 c6 13. Nd6+ Bxd6 $1 14. Bxd6 Nb6 15. O-O Rd8 16. Bc7 Rc8 17. Bxb6 axb6 18. a3 Ke7 19. Rfd1 h6 20. Bd3 Bxd3 21. Rxd3 $11 {[%mdl 4096] Endgame KRR-KRR} Rhd8 22. Rad1 Rd7 23. f3 Rcd8 24. Kf2 Kf8 25. Ke2 e5 $2 (25... b5 $11) 26. dxe5 $16 {[%mdl 64] [#] Discovered Attack} Rxd3 27. Rxd3 Rxd3 $4 {[%mdl 8192]} (27... Re8 $16) 28. Kxd3 $18 g5 (28... Ke8 $142 29. f4 Kd7) 29. Ke4 {Accuracy: White = 94%, Black = 73%.} 1-0

[Event "Moniek_Janssen's Schweizer System"]
[Site "T#646157Emanuel Laske"]
[Date "2020.05.18"]
[Round "1"]
[White "Weltszmerc"]
[Black "Toosieslide"]
[Result "1-0"]
[WhiteElo "2073"]
[BlackElo "2204"]
[Annotator "TA"]
[PlyCount "71"]
[EventDate "2020.05.18"]
[EventType "swiss (blitz)"]

{[%evp 21,71,20,35,14,22,26,31,7,11,0,0,0,0,0,0,-9,0,-2,0,0,0,0,37,22,24,0,22,22,29,11,29,29,29,29,84,84,754,537,6311,6285,5507,2087,29979,7096,29979,29977,29986,29987,29985,29986,29988,29989]} 1. d4 d5 2. c4 c6 3. Nf3 Nf6 4. g3 e6 5. Bg2 Nbd7 6. O-O Bd6 7. Nbd2 O-O 8. Qc2 b6 9. e4 dxe4 10. Nxe4 Nxe4 11. Qxe4 Bb7 $1 12. Ne5 {E01: Catalan: Early deviations.} (12. b3 {is more complex.} Nf6 13. Qe2 Qc7 14. Bb2 Rfe8 15. Rad1) 12... Bxe5 13. dxe5 Qc7 14. f4 {White is slightly better.} Rab8 {[#]} 15. Rd1 $146 ({Predecessor:} 15. Be3 c5 16. Qc2 Bxg2 17. Qxg2 Rbd8 18. Rad1 Nb8 19. Qf3 Nc6 20. Rxd8 Rxd8 21. Rd1 Rxd1+ 22. Qxd1 {0-1 (49) Wanie,K (2170)-Muckle,J (1957) Frankfurt 2014}) 15... c5 16. Qe2 Bxg2 17. Qxg2 Rbd8 18. Be3 Nb8 {[%cal Bd7b8,Bb8c6,Bc6b4][%mdl 32]} 19. Qe4 Nc6 20. Kf2 Nb4 21. a3 Qc6 22. Qxc6 (22. Kf3 {with more complications.} Qxe4+ 23. Kxe4 Nc2 24. Rac1 Nxe3 25. Kxe3 f6 26. exf6 gxf6 27. b4) 22... Nxc6 23. Ke2 Rxd1 (23... Na5 {feels hotter.} 24. Rxd8 Rxd8 25. Rc1 Nc6 26. Rb1 Na5) 24. Rxd1 Rd8 25. Rxd8+ Nxd8 $11 {[%mdl 4096] Endgame KB-KN} 26. b4 cxb4 27. axb4 Nc6 (27... h5 $11 {remains equal.}) 28. b5 $16 Nb4 $2 {[%mdl 8192] Black cannot hold the game after this.} (28... Ne7 $16) 29. Bd2 a5 30. Bxb4 axb4 $18 {[#] KP-KP} 31. Kd3 (31. c5 $142 $1 {[%mdl 512]} bxc5 32. b6) 31... f6 {[#]} 32. c5 $1 {[%mdl 576] Promotion} bxc5 33. b6 {White mates.} fxe5 34. fxe5 Kf7 35. b7 b3 36. b8=Q {Accuracy: White = 89%, Black = 55%.} 1-0

[Event "Moniek_Janssen's Schweizer System"]
[Site "T#646157Emanuel Laske"]
[Date "2020.05.18"]
[Round "1"]
[White "Don59as"]
[Black "Mepe_Nika"]
[Result "0-1"]
[WhiteElo "2028"]
[BlackElo "2327"]
[Annotator "NA RC"]
[PlyCount "84"]
[EventDate "2020.05.18"]
[EventType "swiss (blitz)"]

1. c4 {[%emt 0:00:01]} c6 {[%emt 0:00:01]} 2. Nc3 {[%emt 0:00:01]} d5 {[%emt 0:00:00]} 3. e3 {[%emt 0:00:01]} Nf6 {[%emt 0:00:01]} 4. cxd5 {[%emt 0:00:01]} cxd5 {[%emt 0:00:02]} 5. Nf3 {[%emt 0:00:01]} Nc6 {[%emt 0:00:01]} 6. Be2 {[%emt 0:00:01]} Bg4 {[%emt 0:00:02]} 7. O-O {[%emt 0:00:01]} e5 {[%emt 0:00:01]} 8. h3 {[%emt 0:00:01]} Bh5 {[%emt 0:00:01]} 9. d4 {[%emt 0:00:02]} e4 {[%emt 0:00:01]} 10. Ne5 {[%emt 0:00:01]} Bxe2 {[%emt 0:00:00]} 11. Nxe2 {[%emt 0:00:02]} Bd6 {[%emt 0:00:01]} 12. Nxc6 {[%emt 0:00:02]} bxc6 {[%emt 0:00:00]} 13. a3 {[%emt 0:00:03]} O-O {[%emt 0:00:01]} 14. b4 {[%emt 0:00:01]} a5 {[%emt 0:00:02]} 15. Bd2 {[%emt 0:00:01]} Bc7 {[%emt 0:00:03]} 16. g3 {[%emt 0:00:03]} Qd7 {[%emt 0:00:02]} 17. Kg2 {[%emt 0:00:01]} Rfb8 {[%emt 0:00:01]} 18. Qb3 {[%emt 0:00:04]} Ne8 {[%emt 0:00:03]} 19. Nf4 {[%emt 0:00:01]} Nd6 {[%emt 0:00:01]} 20. Rac1 {[%emt 0:00:04]} Nc4 {[%emt 0:00:01]} 21. Rxc4 {[%emt 0:00:01]} dxc4 {[%emt 0:00:00]} 22. Qxc4 {[%emt 0:00:00]} Bxf4 {[%emt 0:00:00]} 23. exf4 {[%emt 0:00:02]} axb4 {[%emt 0:00:00]} 24. axb4 {[%emt 0:00:01]} Qd5 {[%emt 0:00:00]} 25. Qc3 {[%emt 0:00:01]} Ra2 {[%emt 0:00:02]} 26. Be3 {[%emt 0:00:01]} Rba8 {[%emt 0:00:02]} 27. Rc1 {[%emt 0:00:01]} R8a6 {[%emt 0:00:01]} 28. Qc5 {[%emt 0:00:02]} Qxc5 {[%emt 0:00:01]} 29. bxc5 {[%emt 0:00:01]} f5 {[%emt 0:00:01]} 30. g4 {[%emt 0:00:01]} g6 {[%emt 0:00:01]} 31. Kg3 {[%emt 0:00:01]} Kf7 {[%emt 0:00:01]} 32. h4 {[%emt 0:00:01]} Ke6 {[%emt 0:00:01]} 33. h5 {[%emt 0:00:01]} Kd5 {[%emt 0:00:01]} 34. hxg6 {[%emt 0:00:01]} hxg6 {[%emt 0:00:00]} 35. gxf5 {[%emt 0:00:01]} gxf5 {[%emt 0:00:00]} 36. Rh1 {[%emt 0:00:01]} Ra7 {[%emt 0:00:02]} 37. Rh6 {[%emt 0:00:01]} Rg7+ {[%emt 0:00:01]} 38. Kh2 {[%emt 0:00:03]} Ra8 {[%emt 0:00:07]} 39. Rd6+ {[%emt 0:00:01]} Kc4 {[%emt 0:00:01]} 40. Rh6 {[%emt 0:00:01]} Kd3 {[%emt 0:00:01]} 41. Kh3 {[%emt 0:00:02]} Ke2 {[%emt 0:00:02]} 42. Kh4 {[%emt 0:00:01]} Ra1 {[%emt 0:00:01] Time (Lag: Av=0.45s, max=1.1s)} 0-1

[Event "Moniek_Janssen's Schweizer System"]
[Site "T#646157Emanuel Laske"]
[Date "2020.05.18"]
[Round "1"]
[White "SecantFX"]
[Black "Lamborghini"]
[Result "0-1"]
[WhiteElo "1878"]
[BlackElo "2310"]
[Annotator "TA"]
[PlyCount "70"]
[EventDate "2020.05.18"]
[EventType "swiss (blitz)"]

{[%evp 9,70,-103,-80,-81,-80,-83,-83,-113,-87,-158,-95,-125,-118,-224,-239,-255,-238,-242,-241,-226,-56,-62,-63,-102,-27,-36,239,232,233,244,262,262,253,243,260,136,217,-91,-89,-557,-491,-452,0,-22,0,-10,0,-11,0,0,12,-51,0,0,-6,-33,-30,-102,-93,-62,-30,-29995,-29996]} 1. g3 e5 2. Bg2 d5 3. f4 ({Predecessor:} 3. d3 Nc6 4. a3 a5 5. Nf3 h6 6. c4 dxc4 7. Qa4 Bd7 8. Qxc4 Bd6 9. O-O Nf6 10. b3 O-O 11. Bb2 Re8 {½-½ (43) Bartel,M (2639)-Bacrot,E (2679) chess.com INT 2020}) 3... exf4 4. gxf4 Bd6 5. e3 Nf6 6. Nf3 {A00: Irregular Openings.} O-O 7. O-O c5 8. h3 {Black is better.} Nc6 9. c3 ({White should play} 9. d3) 9... d4 (9... Nh5 $142 10. d3 Ng3) 10. cxd4 cxd4 11. Qb3 (11. Na3 $17 {is a better defense.}) 11... Be6 $19 12. Qxb7 Bd5 13. Qb5 Rb8 14. Qa4 dxe3 $2 (14... Bc5 $19 {Threatens to win with ...Re8.} 15. Na3 Rb4) 15. dxe3 $15 Re8 16. Nc3 Rb4 (16... Ne7 $17 {And now ...Nf5 would win.} 17. Rd1 Qb6) 17. Qa6 Bc4 $2 {[%mdl 8192]} (17... Nb8 $15 {keeps the upper hand.} 18. Qxa7 Nc6) 18. Qxc6 $18 {Hoping for Rd1.} Bxf1 19. Bxf1 Rb6 20. Qc4 Qe7 21. Qe2 Bc5 22. Qf2 (22. Ne5 $18) 22... Nh5 {[#]} (22... Qxe3 $16 23. Bxe3 Bxe3) 23. Nd1 $2 (23. Nd4 $1 $18) 23... Nxf4 $17 {...Qd7 is the strong threat.} 24. a3 $2 {[%mdl 8192]} (24. Bd2 $17 {is tougher.}) 24... Rg6+ $19 25. Kh1 Nd5 $2 (25... Qd7 $19 26. Qc2 Rg3) 26. Nc3 Nxe3 27. Bxe3 Bxe3 28. Qe2 Qd7 (28... Qb7 $5 29. Bg2 $8 Qb8 $14) 29. Rd1 Qc8 30. Rd3 (30. Nd5 $11 Bc5 31. Qc4) 30... Rge6 ({Black should try} 30... Bb6 $15 31. Qd2 Qc5) 31. Qd1 Bb6 32. Bg2 h6 {[%mdl 1024] Black has compensation.} 33. Kh2 (33. Nd5 $11) 33... Qb8+ $17 34. Kh1 Qg3 (34... Bf2 $5 {[%cal Re6e1]} 35. Bf1 Qxb2 $17) 35. Qd2 $2 {[%mdl 8192] [#]} (35. Qf1 $11) 35... Re1+ $1 {[%mdl 512] Accuracy: White = 38%, Black = 57%.} 0-1

[Event "Moniek_Janssen's Schweizer System"]
[Site "T#646157Emanuel Laske"]
[Date "2020.05.18"]
[Round "2"]
[White "Lamborghini"]
[Black "Mepe_Nika"]
[Result "0-1"]
[WhiteElo "2313"]
[BlackElo "2332"]
[Annotator "TA"]
[PlyCount "106"]
[EventDate "2020.05.18"]
[EventType "swiss (blitz)"]

{[%evp 10,106,16,6,17,0,0,0,0,0,17,-13,30,29,45,36,59,47,47,10,29,34,12,0,97,50,53,31,39,0,16,0,19,0,8,-16,0,0,0,-39,0,-111,0,-1277,-1276,-1207,-1062,-1113,-1079,-1009,-830,-854,-852,-846,-850,-835,-838,-859,-861,-996,-984,-1007,-999,-1538,-1526,-1831,-1712,-6983,-9651,-29989,-29990,-29990,-29989,-29989,-29990,-29990,-29990,-29991,-29991,-29991,-29992,-29992,-29993,-29996,-29997,-29997,-29997,-29997,-29997,-29997,-29996,-29996,-29995,-29995,-29996,-29996,-29996,-29996,-29997]} 1. e4 e5 2. Nf3 Nc6 3. Bc4 Nf6 4. d3 Bc5 5. O-O d6 6. a4 a5 {C50: Hungarian Defence and Giuoco Pianissimo.} 7. Be3 Bxe3 8. fxe3 O-O {The position is equal.} 9. Nbd2 {[%cal Bb1d2,Bd2e4,Be4c5][%mdl 32]} Be6 {[#]} 10. Qe1 $146 ({Predecessor:} 10. Bxe6 fxe6 11. d4 Qe8 12. c3 Qg6 13. Qb3 Nxe4 14. Nxe4 Qxe4 15. Qxe6+ Kh8 16. Rae1 {½-½ (38) Movsesian,S (2654)-Michalik,P (2578) Czech Republic 2019}) 10... d5 11. exd5 Nxd5 12. Ne4 h6 13. Nc5 Bc8 14. Nd2 b6 15. Nce4 {aiming for Bxd5.} Be6 16. Ng3 f5 (16... Ndb4 $11 {remains equal.} 17. Rc1 Qd7) 17. e4 fxe4 18. Rxf8+ Qxf8 19. Ndxe4 Re8 20. c3 Kh8 21. Qd2 Nf4 22. Rf1 Qe7 23. Bxe6 Qxe6 24. Qe3 Rd8 25. Rd1 (25. Nf2 $1 $11) 25... Qg4 ({Better is} 25... Qa2 $17 26. Rd2 {[#]} Nxd3 $1 {[%mdl 512]}) 26. h3 $2 {[%mdl 8192] Black continues to play with concentration.} (26. Nf2 $11 Qe6 27. Qe4) 26... Qxd1+ $19 {[%mdl 64] [#] Double Attack} 27. Kh2 Qb3 28. Nf5 Qf7 29. Neg3 Nd5 30. Qe4 Nde7 31. Ne3 Qf4 32. Nc4 Qxe4 33. dxe4 Rd1 34. h4 Ra1 35. Ne3 Rxa4 36. Kh3 Ra2 37. Kg4 Rxb2 38. Nd5 a4 39. Nxe7 Nxe7 {Black mates.} 40. Nf5 a3 41. Nxe7 {[%mdl 4096] Endgame KR-KN} a2 42. Ng6+ Kg8 43. Ne7+ Kh7 44. Nd5 a1=Q 45. Kf5 Qa4 46. Nf6+ gxf6 47. h5 Rxg2 48. Ke6 Rg5 49. c4 Rxh5 50. c5 Rh4 51. c6 Rxe4 52. Kxf6 Qc4 53. Ke7 Qxc6 {Accuracy: White = 68%, Black = 78%.} 0-1

[Event "Moniek_Janssen's Schweizer System"]
[Site "T#646157Emanuel Laske"]
[Date "2020.05.18"]
[Round "2"]
[White "Little champs"]
[Black "SecantFX"]
[Result "1-0"]
[WhiteElo "2117"]
[BlackElo "1875"]
[Annotator "TA"]
[PlyCount "121"]
[EventDate "2020.05.18"]
[EventType "swiss (blitz)"]

{[%evp 9,121,10,71,73,76,76,105,90,112,99,103,106,125,129,190,129,150,146,167,164,168,12,18,11,111,60,29980,29981,29992,1082,29993,-329,-313,-323,0,0,0,0,0,-381,-184,-178,29999,38,29,0,0,-47,0,-358,0,-27,986,984,1805,1368,1802,1375,2358,2217,1899,0,1078,866,843,789,789,-29995,858,783,1198,833,902,899,958,952,945,919,1038,1027,2566,2579,2156,1841,29988,29989,29991,29992,29992,29993,29994,29995,29997,29998,29998,29998,29998,29995,29995,29995,29995,29995,29995,29994,29994,29994,29995,29994,29995,29995,29996,29995,29995,29995]} 1. d3 d6 2. e4 Nf6 3. Nc3 e5 4. f4 Be7 5. Nf3 c6 (5... Nbd7 $11) 6. fxe5 $16 {C29: Vienna Game: 2...Nf6 3 f4.} dxe5 7. Nxe5 {[#]} Nbd7 $146 ({Predecessor:} 7... Qa5 8. Nf3 Bg4 9. Be2 Nbd7 10. Bf4 Rd8 11. O-O Qb6+ 12. Kh1 Qxb2 13. Bd2 Qa3 {1-0 (31) Peshkova,T-Shinkarev,S Kaluga 1997}) 8. Nxd7 {White is better.} (8. Nf3 {is interesting.} O-O 9. Be2 Re8 10. O-O Bd6 11. d4) 8... Qxd7 9. Be2 O-O 10. O-O Ne8 11. Be3 f6 (11... f5 $16 {keeps fighting.} 12. e5 f4) 12. Kh1 (12. d4 $18) 12... Nc7 13. d4 Qe6 14. d5 cxd5 15. Bf3 $2 (15. Bf4 $18 d4 16. Qxd4 (16. Bxc7 dxc3 17. b3 Qf7 $14)) 15... dxe4 $11 16. Bxe4 Qa6 (16... f5 $11 17. Bd5 Nxd5 18. Nxd5 Rd8 19. Rxf5 Kh8) 17. Qh5 (17. Bf4 $16 f5 18. Bd3 (18. Bxc7 fxe4 19. Rxf8+ Bxf8 $14)) 17... g6 $2 {[%mdl 8192] [#]} (17... f5 $14 18. Bd3 Qc6) 18. Bxg6 $1 {[%mdl 512]} hxg6 19. Qxg6+ Kh8 20. Rf5 $4 {[%mdl 8192]} (20. Rf4 Qc4 21. Rxc4 f5 22. Bd4+ Rf6 23. Bxf6+ Bxf6 24. Qxf6+ Kh7 25. Rh4+ Kg8 26. Rh8#) 20... Bxf5 $19 21. Qxf5 Qe6 $2 (21... Rf7 $19 22. Rf1 Rh7) 22. Qh5+ $11 Kg8 23. Qg6+ Kh8 24. Bh6 $2 {[%mdl 8192]} (24. Qh6+ $11 {and White has nothing to worry.} Kg8 25. Qg6+ Kh8 26. Qh6+ Kg8 27. Qg6+) 24... Rg8 (24... Rf7 $142 {Strongly threatening ...Rh7.} 25. Bf4 Na6 26. Qh5+ Rh7) 25. Qh5 $19 {[%cal Rh6f8] [#]} Kh7 $4 {[%mdl 8192]} (25... Rg7 $1 $19 26. Bxg7+ Kxg7) 26. Bf4+ $2 (26. Bf8# {mates}) 26... Kg7 $11 27. Qh6+ $40 {[%mdl 128] White mounts an attack.} (27. Bh6+ Kh8 28. Bf8#) 27... Kf7 {And now ...Rh8 would win.} 28. Bxc7 Rg7 29. Qf4 $2 {[%mdl 8192] [#]} (29. Qh5+ $11 {and White is okay.} Kf8 30. Qh8+ Rg8 31. Qh5 (31. Qh6+ Rg7 $14)) 29... f5 $2 ({Better is} 29... Qc6 $1 $19 {[%csl Gg7][%cal Rc6g2][%mdl 512]} 30. Ne4 Rag8) 30. Rf1 Rg4 $2 {[%mdl 8192]} (30... Rag8 $11 31. Qxf5+ Qxf5 32. Rxf5+ Ke6) 31. Qxg4 $1 $18 Ke8 32. Qf3 Kd7 33. Bf4 Rf8 34. Nd5 Bc5 35. Nc3 $2 (35. Rd1 $18 {White threatens Nc7+ and mate.} Kc8 {[#]} 36. Qc3 $1 {[%mdl 512]}) 35... Kc8 $2 {[%mdl 8192]} (35... Be7 $11 36. Rd1+ Ke8) 36. Rd1 Rd8 37. Rxd8+ Kxd8 38. h3 $4 {[%mdl 8192]} (38. Qd1+ $18 Ke8 39. h4) 38... Qd7 $4 {[%mdl 8192]} (38... Qe1+ 39. Qf1 Qxf1+ 40. Kh2 Bg1+ 41. Kh1 Bf2+ 42. Kh2 Qg1#) 39. Qd3 Be7 40. Qxd7+ Kxd7 41. Kh2 Kc6 42. Kg3 a6 43. Kf3 Kc5 44. g4 Kc4 45. gxf5 Bf6 46. Kg4 Bxc3 47. bxc3 {White mates.} Kxc3 {[%mdl 4096] Endgame KB-KPP} 48. f6 Kxc2 49. f7 b5 50. f8=Q Kb1 51. Qa3 b4 52. Qxb4+ Kxa2 53. Qa5+ Kb3 54. Qxa6 Kc3 55. Qe6 Kd4 56. Bh2 Kc5 57. Kf5 Kd4 58. Qe5+ Kd3 59. Qe4+ Kd2 60. Kf4 Kc3 61. Qd5 {What a bad dream for Black. Accuracy: White = 43%, Black = 36%.} 1-0

[Event "Moniek_Janssen's Schweizer System"]
[Site "T#646157Emanuel Laske"]
[Date "2020.05.18"]
[Round "2"]
[White "Weltszmerc"]
[Black "Lazieri3"]
[Result "1/2-1/2"]
[WhiteElo "2096"]
[BlackElo "2127"]
[Annotator "TA"]
[PlyCount "119"]
[EventDate "2020.05.18"]
[EventType "swiss (blitz)"]

{[%evp 9,119,7,36,-51,31,-32,-27,-41,-26,-29,0,-28,0,-23,-41,-86,-69,-70,-78,-137,-138,-134,-53,-137,-140,-152,-146,-169,-166,-185,-178,-170,-181,-182,-171,-149,-149,-191,0,-182,-191,-195,-188,-212,-81,-98,-77,-74,-52,-41,-39,-51,-53,-54,-45,-194,-194,-240,-234,-238,-236,-344,-344,-344,-344,-337,-337,-366,-366,-366,-366,-467,-368,-467,-452,-581,-581,-522,-519,-362,-304,-1418,-613,-651,-644,-587,-550,-29981,-29982,-29982,-29982,-29993,-29984,-29984,-29985,-29985,-29986,-29986,0,-29989,0,0,0,0,0,0,0,0,0,0,0,0]} 1. d4 c6 2. c4 d5 3. Nf3 Nf6 4. g3 Bf5 5. Qb3 Qc8 {[#]} 6. c5 $146 {D11: Slav Defence: 3 Nf3 sidelines and 3...Nf6 4 e3 Bg4.} (6. Nc3 $14) ({Predecessor:} 6. cxd5 cxd5 7. Nc3 e6 8. Bf4 Nc6 9. Rc1 Be7 10. Bg2 O-O 11. O-O Nh5 12. Be3 Nf6 13. Nh4 {1-0 (30) Martinez Ramirez,L (2410)-Bajarani,U (2540) Moscow 2016}) 6... b5 (6... Nbd7 $15) 7. cxb6 ({White should play} 7. a4 $14 bxa4 8. Qxa4) 7... axb6 $15 8. Nc3 {Black has an edge.} Nbd7 9. Bf4 e6 10. Rc1 {Black should prevent Nb5!} Be7 11. Nb5 {Threatens to win with Nc7+.} O-O 12. Nd6 Bxd6 $1 13. Bxd6 Re8 14. Bf4 (14. Ne5 $142 Nxe5 15. dxe5) 14... Be4 15. Bg2 Qa6 (15... c5 $17 16. O-O Qa6) 16. a3 ({White should try} 16. Rxc6 $15 Qxa2 17. Qxa2 Rxa2 18. Bc1) 16... c5 $17 17. O-O Qxe2 18. Rfe1 Qa6 19. Ne5 c4 ({Don't play} 19... cxd4 20. Bf1 $17) 20. Qc3 Bxg2 21. Kxg2 Nxe5 22. Bxe5 Ne4 23. Qc2 Nf6 $2 (23... b5 $19 24. f3 Nd6) 24. h3 $2 (24. Qc3 $1 $11 {and White is okay.}) 24... Nd7 $19 25. Bf4 b5 26. Re3 b4 (26... Nb8 $19 {and Black stays clearly on top.} 27. Qd2 Nc6) 27. axb4 $17 Qb6 28. b3 Qxb4 29. bxc4 dxc4 30. Qxc4 Qxc4 31. Rxc4 Nb6 32. Rc7 (32. Rc2 $15) 32... Nd5 $19 {[%mdl 64] [#] Double Attack} 33. Rec3 Nxc3 34. Rxc3 Rec8 35. Rxc8+ (35. Rb3 {was worth a try.}) 35... Rxc8 {[%mdl 4096] Endgame KR-KB} 36. Kf3 f6 37. Ke4 Kf7 38. g4 Rc3 39. h4 h6 40. h5 Ra3 41. Be3 Ra4 42. Kf3 e5 43. dxe5 fxe5 44. Kg3 Ke6 45. Kg2 $2 (45. Kf3) 45... Ra3 (45... Rxg4+ $142 46. Kh3 Kf5) 46. Kg3 Kd5 47. Kf3 Rb3 48. Kg3 Ke4 49. g5 Rxe3+ 50. Kg4 hxg5 51. fxe3 Kxe3 52. Kxg5 {[#] KPP-KP} Kf3 $1 53. Kg6 e4 $2 (53... Kg4 54. Kf7 Kxh5 55. Kxg7 e4 56. Kf6 e3 57. Ke6 e2 58. Kd5 e1=Q 59. Kc4 Kg5 60. Kd5 Qb4 61. Kc6 Kf6 62. Kd5 Kf5 63. Kc6 Ke6 64. Kc7 Qb5 65. Kc8 Kd6 66. Kd8 Qd7#) 54. h6 $2 {[%mdl 8192]} (54. Kxg7 $11 e3 55. h6) 54... e3 $2 (54... gxh6 {mates} 55. Kf6 e3 56. Ke6 e2 57. Kd7 h5 58. Kd6 h4 59. Ke5 h3 60. Kd6 h2 61. Ke7 h1=Q 62. Kd8 Qh7 63. Kc8 e1=Q 64. Kd8 Qee7+ 65. Kc8 Qh8#) 55. h7 {The position is equal.} e2 56. h8=Q {White wants to mate with Qh4.} e1=Q 57. Qh5+ Kf2 58. Qh4+ Kf1 59. Qxe1+ Kxe1 60. Kxg7 {Whites escaped into a draw. Accuracy: White = 49%, Black = 65%.} 1/2-1/2

[Event "Moniek_Janssen's Schweizer System"]
[Site "T#646157Emanuel Laske"]
[Date "2020.05.18"]
[Round "2"]
[White "Log"]
[Black "Don59as"]
[Result "0-1"]
[WhiteElo "1647"]
[BlackElo "2022"]
[Annotator "NA RC"]
[PlyCount "110"]
[EventDate "2020.05.18"]
[EventType "swiss (blitz)"]

1. b3 {[%emt 0:00:02]} d5 {[%emt 0:00:01]} 2. g3 {[%emt 0:00:00]} e6 {[%emt 0:00:01]} 3. Bg2 {[%emt 0:00:00]} Nf6 {[%emt 0:00:00]} 4. e3 {[%emt 0:00:00]} g6 {[%emt 0:00:00]} 5. Ne2 {[%emt 0:00:00]} Bg7 {[%emt 0:00:01]} 6. Bb2 {[%emt 0:00:00]} O-O {[%emt 0:00:01]} 7. O-O {[%emt 0:00:01]} Nbd7 {[%emt 0:00:01]} 8. h3 {[%emt 0:00:02]} b6 {[%emt 0:00:01]} 9. a3 {[%emt 0:00:01]} Bb7 {[%emt 0:00:01]} 10. d3 {[%emt 0:00:01]} c5 {[%emt 0:00:01]} 11. Nd2 {[%emt 0:00:01]} Rc8 {[%emt 0:00:01]} 12. c4 {[%emt 0:00:01]} Qe7 {[%emt 0:00:01]} 13. Qc2 {[%emt 0:00:01]} e5 {[%emt 0:00:02]} 14. Rfe1 {[%emt 0:00:01]} Rfe8 {[%emt 0:00:02]} 15. Rad1 {[%emt 0:00:02]} a6 {[%emt 0:00:02]} 16. Qb1 {[%emt 0:00:01]} e4 {[%emt 0:00:02]} 17. dxe4 {[%emt 0:00:02]} Nxe4 {[%emt 0:00:01]} 18. Nxe4 {[%emt 0:00:02]} dxe4 {[%emt 0:00:01]} 19. Bxg7 {[%emt 0:00:01]} Kxg7 {[%emt 0:00:01]} 20. Nc3 {[%emt 0:00:01]} f5 {[%emt 0:00:02]} 21. Rd2 {[%emt 0:00:02]} Nf6 {[%emt 0:00:02]} 22. Red1 {[%emt 0:00:02]} Rc7 {[%emt 0:00:01]} 23. Qb2 {[%emt 0:00:02]} Qe5 {[%emt 0:00:02]} 24. Qc2 {[%emt 0:00:04]} Ree7 {[%emt 0:00:01]} 25. Rd8 {[%emt 0:00:01]} h5 {[%emt 0:00:02]} 26. Na4 {[%emt 0:00:01]} Qe6 {[%emt 0:00:02]} 27. h4 {[%emt 0:00:01]} b5 {[%emt 0:00:02]} 28. cxb5 {[%emt 0:00:03]} axb5 {[%emt 0:00:00]} 29. Nxc5 {[%emt 0:00:01]} Qb6 {[%emt 0:00:04]} 30. b4 {[%emt 0:00:01]} Ng4 {[%emt 0:00:08]} 31. Qb2+ {[%emt 0:00:01]} Qf6 {[%emt 0:00:01]} 32. Qxf6+ {[%emt 0:00:02]} Kxf6 {[%emt 0:00:01]} 33. R8d6+ {[%emt 0:00:02]} Kf7 {[%emt 0:00:02]} 34. Bh3 {[%emt 0:00:01]} Ne5 {[%emt 0:00:02]} 35. Bf1 {[%emt 0:00:01]} Nf3+ {[%emt 0:00:01]} 36. Kg2 {[%emt 0:00:01]} Bc6 {[%emt 0:00:01]} 37. Nb3 {[%emt 0:00:04]} Kg7 {[%emt 0:00:00]} 38. Nd4 {[%emt 0:00:01]} Nxd4 {[%emt 0:00:01]} 39. R6xd4 {[%emt 0:00:00]} Be8 {[%emt 0:00:00]} 40. Rd6 {[%emt 0:00:01]} Bf7 {[%emt 0:00:00]} 41. Rb6 {[%emt 0:00:01]} Bc4 {[%emt 0:00:00]} 42. Bxc4 {[%emt 0:00:01]} bxc4 {[%emt 0:00:00]} 43. Rdd6 {[%emt 0:00:01]} c3 {[%emt 0:00:00]} 44. Rxg6+ {[%emt 0:00:01]} Kf7 {[%emt 0:00:01]} 45. Rgf6+ {[%emt 0:00:00]} Ke8 {[%emt 0:00:00]} 46. Rfc6 {[%emt 0:00:01]} Kd7 {[%emt 0:00:00]} 47. Rxc7+ {[%emt 0:00:01]} Kxc7 {[%emt 0:00:00]} 48. Rb5 {[%emt 0:00:01]} c2 {[%emt 0:00:02]} 49. Rc5+ {[%emt 0:00:00]} Kb6 {[%emt 0:00:00]} 50. Rxc2 {[%emt 0:00:00]} Rc7 {[%emt 0:00:00]} 51. Rc5 {[%emt 0:00:00]} Rxc5 {[%emt 0:00:01]} 52. bxc5+ {[%emt 0:00:00]} Kc6 {[%emt 0:00:00]} 53. f3 {[%emt 0:00:00]} Kd5 {[%emt 0:00:00]} 54. Kf2 {[%emt 0:00:00]} Kxc5 {[%emt 0:00:01]} 55. f4 {[%emt 0:00:00]} Kd5 {[%emt 0:00:00] Time (Lag: Av=0.72s, max=1.1s)} 0-1